000 01251nam a2200289 a 4500
999 _c392542
_d392542
003 BLK
005 20250318134915.0
008 201218b bu ||||| |||| 00| 0 bu d
020 _a9786192180324
040 _aBLK
041 _aBUL
_cBUL
080 _aНемска литература
_b821.112.2
_x-31
_z821.112.2-31
100 1 _aРемарк, Ерих Мария
_eпърви автор
_gРемарк, Ерих Паул
_9257978
139 _aРемарк, Ерих Мария
_bР 51
245 1 0 _aНощ в Лисабон
_bРоман
_cЕрих Мария Ремарк; прев. от нем. Донка Любенова Илинова.
257 _aDEU
260 _bФама І
_c2020
_9221711
_aСофия
_n978-619-218-
300 _a240 с.
_c21 см
380 _aX
500 _aОриг. загл. Die Nacht von Lissabon / Erich Maria Remarque. - 1. изд. 1981 в Библ. Океан на изд. Г. Бакалов - Варна. - Библиогр. каре 1989
700 1 _aИлинова, Донка Любенова
_eпрев. от нем.
_9368710
852 _bП
_c821-31/Р 51 Е
856 4 _qpdf
856 4 _qpdf
942 _cKNG
_n0
_069
_s1
944 _aCR
_c2020-12-18
_k30576
_lЦветомила Тодорова